[Event "12th SRB-ch Women 2018"]
[Site "Kragujevac"]
[Date "2018.03.20"]
[Round "4"]
[White "Gajcin, Marina"]
[Black "Blagojevic, Tijana"]
[Result "1-0"]
[WhiteElo "2295"]
[BlackElo "2249"]
[Annotator "TA"]
[PlyCount "77"]
[EventDate "2018.??.??"]
[EventType "tourn"]
[EventCountry "SRB"]
[SourceTitle "playchess.com"]
[Source "ChessBase"]
[SourceQuality "1"]

{[%evp 18,77,31,16,16,16,16,8,9,9,16,16,16,15,18,19,8,26,36,43,68,70,74,70,72,64,59,50,60,56,56,60,70,69,68,86,74,50,189,171,177,172,226,224,229,229,229,229,254,259,333,287,296,278,329,333,513,485,489,478,29993,29994]} 1. e4 e5 2. Nf3 Nc6 3. Bc4 Bc5 4. O-O Nf6 5. d3 O-O 6. a4 {C50: Hungarian Defence and Giuoco Pianissimo} (6. c3 d5 7. exd5 Nxd5 8. Re1 Be6 9. Nbd2 Bd6 10. Ne4 h6 11. b4 a6 12. a4 Re8 13. Qb3 Nf6 14. Bxe6 Rxe6 15. Be3 Ne7 16. Rad1 {1-0 (25) Kramnik,V (2800)-Anand,V (2776) Moscow 2018}) 6... a5 7. c3 d5 8. exd5 Nxd5 9. Nbd2 Nb6 10. Bb5 $1 {LiveBook: 19 Games} Bd6 11. Re1 Bg4 12. h3 Bh5 13. Ne4 Na7 14. d4 Nxb5 15. axb5 exd4 16. Nxd6 Qxd6 17. Qxd4 Qxd4 18. Nxd4 {[#]} Rfc8 $146 19. Nf5 $36 {[%mdl 2048] [#] aiming for Ne7+. White has the initiative.} Re8 20. Bf4 Nd5 21. Bg3 Bg6 22. Nd4 (22. Rxe8+ {with more complications.} Rxe8 23. Rd1 Nf6 24. Ne3 c6 25. bxc6 bxc6 26. Rd6) 22... Rec8 23. Nb3 a4 24. Nc5 $1 a3 25. Rxa3 Rxa3 26. bxa3 Nxc3 27. a4 {And now Be5 would win.} h6 (27... b6 $14) 28. Nxb7 $18 Nxa4 29. Rc1 Nb6 (29... Rb8 $142) 30. Bxc7 Nd5 {[#]} 31. b6 $1 Nxb6 32. Nd6 Rxc7 33. Rxc7 {[%mdl 4096] Endgame KRN-KBN} Nd5 34. Rc5 Ne7 35. g4 Kf8 36. f4 {[%cal Bf2f4,Bf4f5,Bf5f6][%mdl 32]} Bd3 (36... f6 {might work better.} 37. Rb5 Nc6) 37. Rc3 Bh7 38. f5 g6 (38... Nd5 $18) 39. f6 {Precision: White = 93%, Black = 40%.} 1-0

[Event "12th SRB-ch Women 2018"]
[Site "Kragujevac"]
[Date "2018.03.20"]
[Round "4"]
[White "Velikic, Adela"]
[Black "Injac, Teodora"]
[Result "1-0"]
[WhiteElo "2293"]
[BlackElo "2291"]
[Annotator "TA"]
[PlyCount "65"]
[EventDate "2018.??.??"]
[EventType "tourn"]
[EventCountry "SRB"]
[SourceTitle "playchess.com"]
[Source "ChessBase"]
[SourceQuality "1"]

{[%evp 9,65,5,32,31,33,18,37,43,35,45,55,50,64,28,36,44,54,39,50,20,67,25,84,97,77,68,79,58,94,92,93,96,85,76,75,75,107,104,136,148,494,477,481,484,532,529,528,504,617,586,586,576,585,583,580,576,580,565]} 1. e4 e6 2. d4 d5 3. Nd2 Be7 4. c3 c5 5. dxc5 Bxc5 6. Bd3 {C03: French Tarrasch: Unusual Black 3rd moves} Nc6 7. Qe2 Nge7 8. Ngf3 {White is slightly better.} O-O 9. O-O Ng6 {[#] Strongly threatening ...Nf4.} 10. Nb3 Bb6 11. Rd1 $146 ({Predecessor:} 11. Be3 Bxe3 12. Qxe3 dxe4 13. Bxe4 {½-½ (26) Maslak,K (2566)-Rydl,J (2395) Pardubice 2017}) 11... dxe4 12. Bxe4 Qc7 13. Be3 e5 14. Bxb6 Qxb6 15. Qe3 (15. Bxg6 $5 hxg6 16. Ng5 $14 (16. Nxe5 Re8 $17)) 15... Be6 (15... Nge7 $11) 16. Nc5 $16 Bg4 17. Nd7 Qxe3 18. fxe3 Rfd8 19. Nc5 Nge7 20. Nxb7 Rdb8 {[#] Threatens to win with ...Bxf3.} 21. Nc5 $36 {[%cal Bb7c5,Bc5d3,Bd3e5][%mdl 2080] Keeping Black busy.} Rxb2 22. Nd3 Rb6 23. Ndxe5 f5 24. Nxc6 fxe4 $4 {[%mdl 8192]} (24... Nxc6 $16 {is tougher.} 25. Bd5+ Kf8) 25. Nxe7+ $18 {White is clearly winning.} Kf8 26. Nd5 Rd6 27. h3 Bh5 28. Nf4 Rc6 29. Nxh5 exf3 30. gxf3 Rxc3 31. Kf2 Rb8 32. Rd2 Re8 33. Re1 {Precision: White = 63%, Black = 54%.} 1-0

[Event "12th SRB-ch Women 2018"]
[Site "Kragujevac"]
[Date "2018.03.20"]
[Round "4"]
[White "Eric, Jovana"]
[Black "Djukic, Sandra"]
[Result "1/2-1/2"]
[WhiteElo "2265"]
[BlackElo "2174"]
[Annotator "TA"]
[PlyCount "137"]
[EventDate "2018.??.??"]
[EventType "tourn"]
[EventCountry "SRB"]
[SourceTitle "playchess.com"]
[Source "ChessBase"]
[SourceQuality "1"]

{[%evp 24,137,0,0,93,0,0,0,0,0,0,0,0,0,0,0,-12,16,71,8,89,93,71,73,112,114,119,133,131,122,157,150,229,220,192,206,230,232,206,196,570,276,641,788,851,847,806,746,733,616,598,615,616,498,515,502,485,483,469,460,460,425,431,417,417,393,159,151,123,0,0,0,0,0,0,0,0,0,0,0,0,0,0,0,0,0,0,0,0,0,0,0,0,0,0,0,0,0,0,0,0,0,0,0,0,0,0,0,0,0,0,0,0,0,0,0]} 1. e4 e6 2. d4 d5 3. Nc3 Bb4 4. e5 c5 5. a3 Bxc3+ 6. bxc3 Qa5 7. Bd2 Qa4 8. h4 Ne7 9. h5 {C18: French: 3 Nc3 Bb4: Main line: 7 h4 and 7 Qg4} h6 (9... Nbc6 10. h6 gxh6 11. Nf3 cxd4 12. cxd4 Nxd4 13. Bd3 Nec6 14. Rb1 Rg8 15. Kf1 Nxf3 16. gxf3 b6 {0-1 (27) Sutovsky,E (2642)-Ivanchuk,V (2720) Ashdod 2015}) 10. Rh4 c4 11. Rf4 Nbc6 12. Nf3 Bd7 13. g3 {LiveBook: 4 Games} O-O-O (13... Qa5 $11 {remains equal.}) 14. Bh3 (14. Rxf7 $16 Rhg8 15. g4 (15. Qb1 Be8 $14)) 14... Rhf8 15. Kf1 Kb8 16. Kg1 $146 Ka8 17. Nh4 f6 18. exf6 gxf6 19. Ng6 Nxg6 20. hxg6 e5 (20... Ne7 $11 {keeps the balance.}) 21. Rh4 (21. dxe5 $1 $16 Nxe5 22. g7) 21... Bxh3 (21... Rg8 $11) 22. Rxh3 $16 Rg8 23. Rxh6 exd4 24. cxd4 Ne7 25. g7 Rxg7 26. Rxf6 Nc6 27. c3 Qa5 {[#]} (27... Qb3 $16 {was worth a try.} 28. Rh6 Rgg8) 28. Bh6 $1 $18 {[%cal Rh6g7,Bd2h6,Bh6f8,Bf8c5][%mdl 32]} Rh7 29. Qf3 a6 30. Bf8 Re8 31. Bc5 Ne5 $2 (31... Nb8 {is a better chance.} 32. Rb1 Qd8) 32. Qxd5 (32. dxe5 Qxc5 33. e6 Rhe7 $16) (32. Qe3 $142) 32... Reh8 $2 (32... Nd7 33. Rf7 Rxf7 34. Qxf7 Rh8) 33. Qxe5 Rh1+ 34. Kg2 {[%cal Bg1g2,Bg2f1,Bf1e2][%mdl 32]} R1h2+ 35. Kf1 Rh1+ 36. Ke2 {Threatening mate with Rxh1.} Qxc3 {[%csl Gc4][%cal Rc3d3] [#]} 37. Rxa6+ $1 bxa6 {[%csl Gc4][%cal Rc3d3]} 38. Qd5+ Kb8 {[%csl Gc4][%cal Rc3d3]} 39. Bd6+ Ka7 {[%csl Gc4][%cal Rc3d3]} 40. Qc5+ (40. Bc5+ Kb8 $18) 40... Kb7 {[%csl Gc4][%cal Rc3d3]} 41. Qc7+ (41. Qd5+ Ka7 $18) 41... Ka8 {[%csl Gc4][%cal Rc3d3]} 42. Qc6+ Ka7 {[%csl Gc4][%cal Rc3d3] [#]} 43. Bc5+ $1 ({Not} 43. Qc5+ Kb7 $18) 43... Kb8 {[%csl Gc4][%cal Rc3d3]} 44. Qb6+ ({Weaker is} 44. Bd6+ Ka7 $18) 44... Kc8 {[%csl Gc4][%cal Rc3d3]} 45. Qxa6+ Kc7 {[%csl Gc4][%cal Rc3d3]} 46. Bb6+ ({White should try} 46. Qd6+ $16 Kc8 47. Qa6+ Kd8 48. Qf6+ Kc7 49. Qe7+ Kc8 50. Qe6+ Kc7 51. Qf7+ Kb8 52. Bd6+ Ka8 53. Qd5+ Ka7 54. Bc5+ Kb8 55. Qe5+ Kc8 56. Qe6+ Kc7 57. Bd6+ Kb7 58. Qe4+ Kb6 59. Rxh1 Qd3+ 60. Qxd3 cxd3+ 61. Kxd3 Rxh1 62. d5) 46... Kd7 $11 {[%cal Rh8e8] The position is equal.} 47. Qb5+ (47. Qb7+ Ke8 $14) 47... Ke7 {[%csl Gc4][%cal Rc3d3]} 48. Bc5+ Kf7 {[%csl Gc4][%cal Rc3d3]} 49. Qd7+ Kg6 {[%csl Gc4][%cal Rc3d3]} 50. Qg4+ Kf6 {[%csl Gc4][%cal Rc3d3]} 51. Qf4+ Kg7 {[%csl Gc4][%cal Rc3d3]} 52. Qg5+ Kf7 {[%csl Gc4][%cal Rc3d3]} 53. Qe7+ Kg6 {[%csl Gc4][%cal Rc3d3]} 54. Qe4+ Kf7 55. Rxh1 Rxh1 {[%csl Gc3][%cal Rh1e1][%mdl 4096] Endgame KQR-KQB} 56. Qf5+ Kg7 {[%csl Gc3][%cal Rh1e1]} 57. Qf8+ Kh7 {[%csl Gc3][%cal Rh1e1]} 58. Qf5+ Kg7 {[%csl Gc3][%cal Rh1e1]} 59. Qd7+ Kh8 {[%csl Gc3][%cal Rh1e1]} 60. Qc8+ Kh7 {[%csl Gc3][%cal Rh1e1]} 61. Qb7+ Kg6 {[%csl Gc3][%cal Rh1e1]} 62. Qc6+ Kg7 {[%csl Gc3][%cal Rh1e1]} 63. Qc7+ Kg6 {[%csl Gc3][%cal Rh1e1]} 64. Qd6+ Kh7 {[%csl Gc3][%cal Rh1e1]} 65. Qe7+ Kh8 {[%csl Gc3][%cal Rh1e1]} 66. Qe5+ Kh7 {[%csl Gc3][%cal Rh1e1]} 67. Qe4+ Kg7 {[%csl Gc3][%cal Rh1e1]} 68. Qb7+ Kg6 {[%csl Gc3][%cal Rh1e1]} 69. Qe4+ {Precision: White = 67%, Black = 43%.} 1/2-1/2

[Event "12th SRB-ch Women 2018"]
[Site "Kragujevac"]
[Date "2018.03.20"]
[Round "4"]
[White "Chelushkina, Irina"]
[Black "Milosevic, Jovana"]
[Result "1-0"]
[WhiteElo "2261"]
[BlackElo "2109"]
[Annotator "TA"]
[PlyCount "41"]
[EventDate "2018.??.??"]
[EventType "tourn"]
[EventCountry "SRB"]
[SourceTitle "playchess.com"]
[Source "ChessBase"]
[SourceQuality "1"]

{[%evp 16,41,25,38,110,114,152,131,241,235,289,295,356,261,340,282,273,270,266,264,284,240,263,256,266,261,343,287]} 1. g3 d5 2. Nf3 Nf6 3. Bg2 c5 4. c4 e6 5. O-O Nc6 6. cxd5 Nxd5 7. Nc3 Nc7 8. d3 {A34: Symmetrical English: 2 Nc3, lines with ...d5} (8. a3 Be7 9. e3 O-O 10. d4 cxd4 11. Nxd4 Nxd4 12. exd4 Rb8 13. Re1 b6 14. Bf4 Bd6 15. Be5 Bb7 16. Bxb7 Rxb7 {½-½ (52) Buhmann,R (2594)-Szabo,G (2541) Austria 2013}) 8... Be7 9. Be3 {LiveBook: 9 Games} Rb8 (9... e5 $14) 10. d4 $146 {White is better.} ({Find the theoretical novelty and annotate with similar games:} 10. Rc1 O-O 11. d4 c4 12. Nd2 Nxd4 13. Nxc4 Nf5 14. Bf4 Bd7 {½-½ (14) Juarez Flores,R (2230)-Juarez Flores,C (2295) Guatemala 1982}) 10... b6 11. dxc5 Qxd1 (11... bxc5 $16 {was called for.} 12. Qxd8+ Nxd8) 12. Rfxd1 $18 {cxb6 is the strong threat.} bxc5 13. Bf4 Bd8 14. Nd2 Na5 15. Nde4 {[#] Strongly threatening Rxd8+!} Nc4 16. b3 e5 17. Bc1 {[%cal Bf4c1,Bc1e3,Be3c5,Bc5d6][%mdl 32]} ({Don't play} 17. bxc4 exf4 18. Nd6+ (18. Nxc5 Bf6 $16) (18. gxf4 O-O $16) 18... Kf8 $18) 17... Nb6 18. Be3 ({Much less strong is} 18. Nxc5 $6 O-O $18) 18... Ne6 19. Nxc5 {White has a decisive advantage.} Nxc5 20. Bxc5 Bd7 21. Bd6 1-0

[Event "12th SRB-ch Women 2018"]
[Site "Kragujevac"]
[Date "2018.03.20"]
[Round "4"]
[White "Zarkovic, Mila"]
[Black "Benderac, Ana"]
[Result "1/2-1/2"]
[WhiteElo "2219"]
[BlackElo "2226"]
[Annotator "TA"]
[PlyCount "101"]
[EventDate "2018.??.??"]
[EventType "tourn"]
[EventCountry "SRB"]
[SourceTitle "playchess.com"]
[Source "ChessBase"]
[SourceQuality "1"]

{[%evp 15,101,-5,5,0,1,-4,27,8,12,7,37,30,60,0,41,-91,0,0,0,0,-4,-9,-10,-31,-26,-191,-198,-552,-552,-489,-547,-516,-545,-500,-546,-1056,-1045,-1032,-1035,-1071,-1059,-1006,0,0,0,0,0,0,0,0,15,0,56,7,7,10,14,0,0,0,0,0,0,0,0,0,0,0,0,0,0,0,0,0,0,0,0,0,0,0,0,0,0,0,0,0,0,0]} 1. e4 g6 2. d4 Bg7 3. Nc3 c6 4. Be3 d5 5. Qd2 dxe4 6. Nxe4 Nd7 7. O-O-O Ngf6 {B15: Caro-Kann: 3 Nc3: 3...g6 and 3...dxe4 4 Nxe4 Nf6 5 Nxf6+ exf6} 8. Nxf6+ (8. Ng3 Nb6 9. Bh6 Bxh6 10. Qxh6 Qd5 11. b3 Bg4 12. f3 Be6 13. Qd2 Qd6 14. c4 Qc7 15. N1e2 {0-1 (41) Christiansen,J (2495)-Aronian,L (2805) Riadh 2017}) 8... Nxf6 {LiveBook: 7 Games} 9. h4 Be6 10. Kb1 b5 $146 ({Predecessor:} 10... h5 11. Nf3 Qd5 12. c4 Bf5+ 13. Ka1 Qd8 14. Ne5 Ng4 15. Nxg4 Bxg4 {1-0 (33) Shadrina,T (2362)-Teterin,S (1989) Kstovo 2015}) 11. Ne2 Nd5 12. h5 a5 13. Bh6 Bf6 14. Nc1 ({White should play} 14. Ng3 $14) 14... a4 15. Nd3 (15. a3 $1 $14 {keeps the upper hand.}) 15... Bxd4 (15... a3 $17 16. Nc5 axb2 17. Nxe6 fxe6) 16. Nb4 {[%cal Bd3b4,Bb4c6,Bc6d4][%mdl 32]} Bf6 17. Nxc6 Qb6 18. Nd4 $1 $132 {[%mdl 2048] White is not keeping still} O-O-O {Threatens to win with ...b4.} 19. Be3 b4 20. Ka1 $2 {[#]} (20. Qe2 $11 {and White is okay.}) 20... a3 $1 $19 {[%cal Ra3b2] White must now prevent ...axb2+.} 21. Bc4 $2 (21. Rb1 {nothing else works.}) 21... axb2+ 22. Kxb2 Nxe3 23. Bxe6+ fxe6 {[%cal Bf7e6,Be6e5,Be5d4,Bd4e3][%mdl 32]} 24. fxe3 e5 25. Rb1 exd4 26. Kc1 dxe3 27. Qe2 Bc3 28. Qc4+ Kb8 $2 {[#]} ({Black should try} 28... Kb7 $19 29. Rb3 Rd4) 29. Qxc3 $1 $11 {[%mdl 512]} bxc3 30. Rxb6+ {[%mdl 4096] Endgame KRR-KRR} Kc7 31. Re6 gxh5 32. Rxe7+ Kb6 33. Rxe3 Ra8 ({Better is} 33... Rc8 $11) 34. Rxc3 Rxa2 {...Ra1+ is the strong threat.The position is equal.} 35. Rxh5 Rg8 36. g3 Ra1+ 37. Kb2 Rg1 38. Rh6+ Kb5 39. Rxh7 {Hoping for Rb7+.} R1xg3 40. Rb7+ (40. Rcc7 {seems wilder.} R8g5 41. Rb7+ Ka5 42. Ra7+ Kb6 43. Ra2) 40... Ka6 41. Rbb3 Rxc3 42. Kxc3 {KR-KR} Rg3+ 43. Kc4 Rg4+ 44. Kc5 Rg5+ 45. Kb4 Kb6 46. c4 Kc7 47. Rd3 Rg6 48. Rd5 Rb6+ 49. Kc5 {Strongly threatening Rd7+!} Rc6+ 50. Kd4 Rd6 51. Ke4 {Precision: White = 31%, Black = 69%.} 1/2-1/2

[Event "12th SRB-ch Women 2018"]
[Site "Kragujevac"]
[Date "2018.03.21"]
[Round "5"]
[White "Injac, Teodora"]
[Black "Chelushkina, Irina"]
[Result "1-0"]
[WhiteElo "2291"]
[BlackElo "2261"]
[Annotator "TA"]
[PlyCount "41"]
[EventDate "2018.??.??"]
[EventType "tourn"]
[EventCountry "SRB"]
[SourceTitle "playchess.com"]
[Source "ChessBase"]
[SourceQuality "1"]

{[%evp 18,41,68,41,41,34,77,82,77,81,156,170,164,106,213,195,208,199,272,250,340,283,280,281,831,790]} 1. Nf3 e6 2. g3 c5 3. c4 Nc6 4. Bg2 d5 5. cxd5 exd5 6. d4 Nf6 7. O-O Be7 8. dxc5 Bxc5 9. a3 a5 {D30: Queen's Gambit Declined: Systems without Nc3} 10. Qc2 {LiveBook: 11 Games} Bb6 11. Bg5 O-O {White is slightly better.} 12. Nc3 Be6 13. Rad1 Ne7 $146 (13... d4 $142) ({Predecessor:} 13... d4 14. Ne4 Re8 15. Nh4 a4 16. Qc1 {1-0 (31) Sumets,A (2588)-Carlstedt,J (2403) Heusenstamm 2017}) 14. Bxf6 $16 gxf6 15. Nh4 (15. Nd4 $18) 15... Kg7 {[#]} (15... Qc7 $16) 16. Nxd5 $1 {[%mdl 512]} Nxd5 (16... Bxd5 17. Bxd5) 17. Bxd5 Rc8 (17... Qc7 {is a better defense.} 18. Qb3 Bh3) 18. Qb3 a4 19. Qf3 ({Inferior is} 19. Bxe6 axb3 20. Nf5+ Kh8 $15) 19... Qe7 20. Bxe6 Qxe6 $2 {[#]} (20... fxe6 21. Qg4+ Kh8 22. Qxa4 Rc6) 21. Rd6 $1 {[%mdl 512] Precision: White = 68%, Black = 19%.} 1-0

[Event "12th SRB-ch Women 2018"]
[Site "Kragujevac"]
[Date "2018.03.21"]
[Round "5"]
[White "Blagojevic, Tijana"]
[Black "Eric, Jovana"]
[Result "1/2-1/2"]
[WhiteElo "2249"]
[BlackElo "2265"]
[Annotator "TA"]
[PlyCount "331"]
[EventDate "2018.??.??"]
[EventType "tourn"]
[EventCountry "SRB"]
[SourceTitle "playchess.com"]
[Source "ChessBase"]
[SourceQuality "1"]

{[%evp 18,331,6,0,0,6,26,11,14,10,37,10,10,10,11,0,14,5,27,20,54,52,71,24,48,60,47,35,42,58,88,88,87,81,90,89,86,81,148,160,175,181,197,201,288,186,196,141,156,94,96,76,78,76,56,68,76,76,72,56,42,29,21,21,21,21,21,21,21,21,81,0,0,0,0,0,0,0,0,0,0,0,0,0,0,0,0,0,0,0,0,0,0,0,0,0,0,0,0,0,80,32,80,0,0,0,0,0,0,0,0,0,0,0,0,0,0,0,0,0,0,0,0,0,0,0,0,0,0,0,0,0,0,0,0,0,0,0,0,0,0,0,0,0,0,0,0,0,0,0,0,0,0,0,0,0,0,0,0,0,0,0,0,0,0,0,0,0,0,0,0,0,0,0,0,0,0,0,0,0,0,0,0,0,0,0,0,0,0,0,0,0,0,0,0,0,0,0,0,0,0,0,0,0,0,0,0,0,0,0,0,0,0,0,0,0,0,0,0,0,0,0,0,0,0,0,0,0,0,0,0,0,0,0,0,0,0,0,0,0,0,0,0,0,0,0,0,0,0,0,0,0,0,0,0,0,0,0,0,0,0,0,0,0,0,0,0,0,0,0,0,0,0,0,0,0,0,0,0,0,0,0,0,0,0,0,0,0,0,0,0,0,0,0,0,0,0,0,0,0,0,0,0,0,0,0,0,0,0,0,0,0,0,0,0,0]} 1. e4 e6 2. d4 d5 3. Bd3 {[%cal Bf1d3,Bd3e4,Be4f3][%mdl 32]} dxe4 4. Bxe4 Nf6 5. Bf3 c5 6. Ne2 Nc6 {C01: French: Exchange Variation} 7. Be3 cxd4 (7... Nd5 8. Bxd5 Qxd5 9. Nbc3 Qxg2 10. Rg1 Qf3 11. Nb5 Rb8 12. dxc5 Bd7 13. Nc7+ Kd8 14. Nb5 {0-1 (54) Kramnik,V (2808)-Caruana,F (2808) Stavanger 2017}) 8. Nxd4 Ne5 9. O-O Nxf3+ 10. Qxf3 {LiveBook: 6 Games} Qd5 11. Qe2 {White wants to play Nb5.} a6 12. c4 $146 ({Predecessor:} 12. Nc3 Qa5 13. Rad1 Be7 14. Qf3 O-O 15. Qg3 Nh5 16. Qf3 Nf6 17. Qg3 Nh5 18. Qf3 {½-½ (18) Jurcik,M (2481)-Petrik,T (2519) Slovakia 2014}) 12... Qa5 13. Nc3 Be7 14. a3 O-O 15. b4 Qc7 16. Rac1 Bd7 17. Nb3 Rac8 18. c5 Rfe8 19. Bd4 Qf4 20. Be5 Qg5 21. Na5 Qg6 22. Rfd1 {[%cal Bf1d1,Bd1d3,Bd3g3][%mdl 32]} Nd5 $1 23. Rd3 Bf6 24. Rg3 $36 {[%mdl 2048] White has strong initiative.} Qh6 25. Rd1 Nxc3 26. Bxc3 Bb5 27. Qc2 Bxc3 (27... Rb8 $142) 28. Rxc3 $16 Bc6 29. Nxc6 Rxc6 30. Rd7 b6 (30... b5 $142 31. Qd1 Rf8) 31. cxb6 Rxb6 32. Rcc7 ({Better is} 32. Rf3 $18) 32... Rf8 33. h3 (33. Rc6 $142 Rxc6 34. Qxc6) 33... Qf6 34. Rc8 {White wants to mate with Rxf8+.} Rb8 35. Rdc7 Qa1+ 36. Kh2 Qe5+ {[#]} 37. g3 $1 g6 38. Rxb8 Rxb8 {[%mdl 4096] Endgame KQR-KQR} 39. Rc8+ (39. Rc5 {keeps more tension.} Qd4 40. Rc4 Qa7 41. Kg1 Qb6 42. Rc6) 39... Kg7 40. Rxb8 Qxb8 $11 {KQ-KQ} 41. Qc3+ Kg8 42. a4 Qb6 43. Kg1 e5 (43... Kf8 $11) 44. b5 (44. Qc4 $16) 44... axb5 45. Qb4 {[#]} e4 $1 {[%mdl 512]} 46. Qxb5 (46. Qxe4 bxa4) 46... Qd4 47. Kg2 Kg7 48. a5 e3 49. fxe3 Qxe3 50. Qb2+ Kf8 51. Qa2 (51. a6 {is interesting.} h5 52. h4 Qc5 53. Qb8+ Kg7 54. Qb2+) 51... Qe4+ 52. Kh2 Qd4 53. a6 Qa7 54. Kg2 Qa8+ 55. Kf2 Qa7+ 56. Kf3 Qa8+ 57. Ke3 Qa7+ 58. Ke2 Qe7+ (58... Kg8 $11) 59. Kf1 Qa7 60. Qe2 (60. Qa3+ $16 Kg8 61. Ke2) 60... h5 {The position is equal.} 61. h4 Qd4 62. Qa2 Qa7 $1 63. Qa3+ Kg8 64. Ke2 Kh7 65. Qa4 Qe7+ 66. Kf3 Qa7 67. Qb5 {aiming for Qb7.} Qd4 68. Ke2 Kg7 69. Qd3 Qb2+ 70. Ke3 Qe5+ 71. Kd2 Qb2+ 72. Kd1 Qa1+ 73. Kc2 Qa2+ 74. Kc3 Qa3+ 75. Kd4 Qd6+ 76. Ke3 Qxg3+ 77. Kd2 Qf2+ 78. Kc3 {Threatens to win with Qd4+.} Qc5+ 79. Qc4 Qa3+ 80. Kc2 Kg8 81. Qc8+ Kh7 82. Qb7 Qc5+ 83. Kb3 Qe3+ 84. Kb4 Qd4+ 85. Kb5 Qd3+ 86. Kc5 Qe3+ 87. Kd6 Qe6+ 88. Kc7 Qe7+ 89. Kb8 Qd8+ 90. Qc8 Qd6+ 91. Ka8 Qd5+ 92. Qb7 Qd8+ 93. Qb8 Qd5+ 94. Qb7 Qd8+ 95. Ka7 Qd4+ 96. Kb8 Qd8+ 97. Qc8 Qd6+ 98. Kb7 Qb4+ 99. Kc7 Qa5+ 100. Kd6 Kg7 101. Qb7 Qd8+ 102. Kc6 Qf6+ 103. Kd7 Qe6+ 104. Kd8 Qd6+ 105. Ke8 Qe6+ 106. Kd8 Qd6+ 107. Kc8 Qe6+ 108. Kb8 Qd6+ 109. Ka7 Qd4+ 110. Qb6 Qd7+ 111. Kb8 Qe8+ 112. Kc7 Qe7+ 113. Kc6 Qe6+ 114. Kc5 Qe3+ 115. Kb5 Qb3+ 116. Kc6 Qe6+ 117. Kb7 Qe7+ 118. Qc7 Qe4+ 119. Qc6 Qb4+ 120. Kc8 Qg4+ 121. Kc7 Qf4+ 122. Qd6 Qc4+ 123. Kd7 Qa4+ 124. Kc8 Qe8+ 125. Kc7 Qa4 126. Qe5+ Kh7 127. Qf6 Qa5+ 128. Kd7 Qd5+ 129. Ke8 Kg8 130. Ke7 Qe4+ 131. Kd7 Qa4+ 132. Kc7 Qa5+ 133. Qb6 Qe5+ 134. Kb7 Qe4+ 135. Kc8 {Hoping for a7.} Qf5+ 136. Kc7 {And now a7 would win.} Qe5+ 137. Qd6 Qa5+ 138. Kb8 {Black must now prevent a7.} Qb5+ 139. Ka8 {Strongly threatening Qb8+.} Kg7 140. a7 Qe8+ 141. Kb7 Qb5+ 142. Kc8 Qc4+ 143. Qc7 Qe6+ 144. Kd8 Qd5+ 145. Kc8 {Qc3+ is the strong threat.} Qe6+ 146. Kb7 Qe4+ 147. Qc6 Qe7+ 148. Kb6 Qb4+ 149. Ka6 Qa3+ 150. Kb6 Qb4+ 151. Qb5 Qd6+ 152. Kb7 Qe7+ 153. Kb6 Qd6+ 154. Qc6 Qb4+ 155. Kc7 Qa5+ 156. Kb7 Qb4+ 157. Qb6 Qe7+ 158. Kc8 Qe8+ 159. Qd8 Qc6+ 160. Kb8 Qb5+ 161. Kc8 Qa6+ 162. Kb8 Qb5+ 163. Kc8 Qa6+ 164. Kb8 Qb5+ 165. Ka8 Qc6+ 166. Kb8 {Precision: White = 58%, Black = 70%.} 1/2-1/2

[Event "12th SRB-ch Women 2018"]
[Site "Kragujevac"]
[Date "2018.03.21"]
[Round "5"]
[White "Benderac, Ana"]
[Black "Gajcin, Marina"]
[Result "1-0"]
[WhiteElo "2226"]
[BlackElo "2295"]
[Annotator "TA"]
[PlyCount "145"]
[EventDate "2018.??.??"]
[EventType "tourn"]
[EventCountry "SRB"]
[SourceTitle "playchess.com"]
[Source "ChessBase"]
[SourceQuality "1"]

{[%evp 18,145,25,0,8,16,57,68,54,66,67,37,64,-17,0,-25,-3,-22,6,8,6,7,18,-22,-15,-20,-6,-32,-13,-18,-9,-52,-44,-44,-46,-48,-37,-40,-47,-48,-48,-68,-68,-68,-67,-93,-85,-104,-89,-91,-88,-97,-94,-117,-135,-209,-203,-193,-187,-172,-75,-65,0,-50,-18,-18,-18,-18,-18,-18,0,0,0,0,0,0,0,0,0,0,59,59,59,59,59,59,59,59,59,59,59,59,59,59,59,59,59,58,612,580,395,89,12834,12834,12835,12836,12837,12838,12838,12839,12841,12839,12840,12840,12842,12842,12843,12843,12844,12844,12845,12845,12850,12845,12845,12846,12846,12847,12847,12847]} 1. d4 Nf6 2. Nf3 g6 3. Bg5 Bg7 4. e3 O-O 5. Bd3 d6 6. O-O c5 7. c3 Nc6 8. Nbd2 cxd4 9. exd4 h6 {A46: 1 d4 Nf6 2 Nf3 e6: Torre, London and Colle Systems} (9... Qc7 10. Re1 a6 11. a4 h6 12. Bxf6 Bxf6 13. Nc4 e5 14. dxe5 dxe5 15. Be4 Rd8 16. Qe2 Ne7 17. Bc2 {0-1 (60) Mamedyarov,S (2762)-Svidler,P (2742) Novi Sad 2016}) 10. Bh4 {LiveBook: 9 Games} g5 11. Bg3 Nh5 {The position is equal.} 12. d5 Nxg3 13. hxg3 ({Much worse is} 13. fxg3 Ne5 $11) 13... Ne5 14. Nxe5 dxe5 15. Nb3 $146 (15. Nc4 $14) ({Predecessor:} 15. Qb3 f5 16. g4 fxg4 17. Ne4 {½-½ (27) Menna Barreto,F (2153)-Nogueira,I (2336) Sao Jose dos Pinhais 2010}) 15... Qd6 16. c4 b6 17. g4 e4 18. Bxe4 Bxb2 19. Rb1 Bg7 20. Qf3 Bd7 21. Rfe1 Rac8 22. Bd3 Rfe8 23. Rbd1 Qf6 24. Nd2 Qxf3 25. gxf3 Kf8 26. Ne4 Ba4 27. Rb1 Red8 28. Rb4 Be8 29. Bf1 e6 30. dxe6 fxe6 31. a4 Rc7 32. Rc1 Bd4 33. c5 bxc5 34. Rbc4 Rd5 35. a5 Ke7 36. Kg2 (36. a6 $17 {keeps fighting.}) 36... Bb5 $19 37. R4c2 Ba4 38. Rd2 Rdd7 (38... Be5 $19 {is more deadly.} 39. Re2 c4) 39. Bc4 $17 Rb7 (39... Rd8 $15) 40. Re2 Rb2 41. Nxc5 {[#] Strongly threatening Rxb2.} Rxe2 42. Bxe2 Rc7 43. Rc4 Bb5 (43... Rxc5 {is more complex.} 44. Rxa4 Be5 45. a6 Rc2 46. Bd3 Rd2) 44. Rxd4 Rxc5 45. Bxb5 Rxb5 $11 {[%mdl 4096] Endgame KR-KR} 46. Ra4 Kd6 47. a6 e5 48. Ra1 Kc6 ({Black should try} 48... Rb6 $11) 49. Rh1 $14 Rb6 50. Rxh6+ Kc5 $1 51. Rh7 Rxa6 52. Rg7 Ra4 $1 53. Rxg5 Kd6 $1 54. Kg3 a5 55. Rg6+ Ke7 56. Ra6 Ra3 57. Kg2 a4 $2 {[%mdl 8192]} (57... Kf7 $14) 58. g5 $18 Ra1 59. Ra7+ $2 (59. Kg3 $18 {has better winning chances.}) 59... Kf8 $2 {[%mdl 8192]} (59... Ke6 $16) 60. Ra5 {White is clearly winning.} Kf7 61. Rxe5 a3 62. Ra5 Kg6 63. f4 {[%cal Bf3f4,Bf4f5][%mdl 32]} a2 64. Kf3 Kg7 65. Ra6 Kf7 66. f5 Rg1 67. g6+ Kg7 68. Rxa2 Kf6 69. Kf4 Rf1 70. f3 {[#] Ra7 would kill now.} Rb1 71. Ra6+ Kg7 72. Ra7+ Kf8 73. f6 {Precision: White = 50%, Black = 47%.} 1-0